[Event "Swiss Queens Wed #35"]
[Site "FIDE Online Arena INT"]
[Date "2024.09.25"]
[Round "1"]
[White "Mammadova, Gulnar Marfat Qizi"]
[Black "Sim, En Rui Audelle"]
[Result "1-0"]
[WhiteElo "2336"]
[BlackElo "1522"]
[PlyCount "91"]
[EventDate "2024.09.25"]
[EventType "swiss (blitz)"]
[EventRounds "11"]
[EventCountry "NET"]
[SourceTitle "EXT 2025"]
[Source "ChessBase"]
[SourceDate "2024.10.14"]
[SourceVersion "1"]
[SourceVersionDate "2024.10.14"]
[SourceQuality "1"]

1. e4 c5 2. Nf3 d6 3. Bb5+ Bd7 4. Bxd7+ Nxd7 5. 0-0 Ngf6 6. Re1 g6 7. c3 Bg7 8. d4 cxd4 9. cxd4 e5 10. Nc3 0-0 11. h3 Re8 12. Bg5 h6 13. Bh4 g5 14. Bg3 Nh5 15. d5 Nxg3 16. fxg3 Qb6+ 17. Kh2 Qxb2 18. Na4 Qb4 19. Rb1 Qc4 20. Rxb7 Nc5 21. Nxc5 Qxc5 22. Qb3 a5 23. a4 Bf6 24. Rf1 Kg7 25. Nd2 Re7 26. Rb5 Qc7 27. Qf3 g4 28. Qxf6+ Kh7 29. Qf5+ Kh8 30. Qxg4 Rg8 31. Qh4 Kh7 32. Rf6 Rg6 33. Nf3 Qd8 34. Rxg6 fxg6 35. Ng5+ Kg8 36. Ne6 Qd7 37. Qxh6 Qe8 38. Qg5 Rh7 39. Rxa5 Rh5 40. Qf6 Rh7 41. Ra6 Qc8 42. Qxg6+ Kh8 43. Rc6 Qb7 44. Rxd6 Qe7 45. Rd8+ Qxd8 46. Nxd8 1-0

[Event "Swiss Queens Wed #35"]
[Site "FIDE Online Arena INT"]
[Date "2024.09.25"]
[Round "4"]
[White "Marochkina, Yaroslava"]
[Black "Sim, En Rui Audelle"]
[Result "1-0"]
[WhiteElo "1872"]
[BlackElo "1522"]
[PlyCount "49"]
[EventDate "2024.09.25"]
[EventType "swiss (blitz)"]
[EventRounds "11"]
[EventCountry "NET"]
[SourceTitle "EXT 2025"]
[Source "ChessBase"]
[SourceDate "2024.10.14"]
[SourceVersion "1"]
[SourceVersionDate "2024.10.14"]
[SourceQuality "1"]

1. e4 c5 2. Nf3 d6 3. d4 cxd4 4. Nxd4 Nf6 5. Nc3 g6 6. Be3 Bg7 7. f3 Nc6 8. Qd2 0-0 9. 0-0-0 d5 10. Nxc6 bxc6 11. exd5 Nxd5 12. Nxd5 cxd5 13. Bh6 Be6 14. Bxg7 Kxg7 15. Qd4+ Kg8 16. h4 Qa5 17. Kb1 Rab8 18. b3 Rb4 19. Qb2 Rc8 20. Bd3 Qc7 21. h5 a5 22. hxg6 fxg6 23. Bxg6 hxg6 24. Qh8+ Kf7 25. Rh7# 1-0

[Event "Swiss Queens Wed #35"]
[Site "FIDE Online Arena INT"]
[Date "2024.09.25"]
[Round "5"]
[White "Sim, En Rui Audelle"]
[Black "Nurgaliyeva, Zarina"]
[Result "0-1"]
[WhiteElo "1522"]
[BlackElo "2092"]
[PlyCount "118"]
[EventDate "2024.09.25"]
[EventType "swiss (blitz)"]
[EventRounds "11"]
[EventCountry "NET"]
[SourceTitle "EXT 2025"]
[Source "ChessBase"]
[SourceDate "2024.10.14"]
[SourceVersion "1"]
[SourceVersionDate "2024.10.14"]
[SourceQuality "1"]

1. d4 Nf6 2. c4 e6 3. Nc3 Bb4 4. Qc2 d5 5. cxd5 Qxd5 6. f3 Qxd4 7. Bd2 0-0 8. Rd1 Nc6 9. Nb5 Bxd2+ 10. Rxd2 Qb6 11. Nc3 e5 12. g4 Be6 13. Bh3 Nb4 14. Qb1 Nbd5 15. Nxd5 Nxd5 16. g5 Nf4 17. Bxe6 Qxe6 18. e3 Nd5 19. Qe4 Rad8 20. Ne2 Rd6 21. Ng3 c6 22. h4 Rfd8 23. h5 Ne7 24. Rxd6 Rxd6 25. Ke2 Nc8 26. Nf5 Rd8 27. Rg1 Qxa2 28. Qc2 Qe6 29. g6 fxg6 30. hxg6 h6 31. Nh4 Ne7 32. e4 Qd6 33. Rd1 Qxd1+ 34. Qxd1 Rxd1 35. Kxd1 Kf8 36. Kc2 Ke8 37. Kb3 Kd7 38. Kc4 Kd6 39. Kb4 b6 40. Kc4 Ke6 41. b4 Kf6 42. b5 cxb5+ 43. Kxb5 Nxg6 44. Nf5 Ne7 45. Nd6 h5 46. Nc8 Nxc8 47. Ka6 h4 48. Kb7 h3 49. Kxc8 h2 50. Kb7 h1Q 51. Kxa7 Qxf3 52. Kxb6 Qxe4 53. Kc7 Qd5 54. Kb6 Qc4 55. Ka7 Qb5 56. Ka8 Ke7 57. Ka7 Kd7 58. Ka8 Kc7 59. Ka7 Qa5# 0-1

[Event "Swiss Queens Wed #30"]
[Site "FIDE Online Arena INT"]
[Date "2024.08.21"]
[Round "1"]
[White "Sim, En Rui Audelle"]
[Black "Savitha Shri, B."]
[Result "0-1"]
[WhiteElo "1522"]
[BlackElo "2343"]
[PlyCount "94"]
[EventDate "2024.08.21"]
[EventType "swiss (blitz)"]
[EventRounds "11"]
[EventCountry "NET"]
[SourceTitle "CBM 221 Extra"]
[Source "ChessBase"]
[SourceDate "2024.09.30"]
[SourceVersion "1"]
[SourceVersionDate "2024.09.30"]
[SourceQuality "1"]

1. d4 Nf6 2. c4 g6 3. Nc3 Bg7 4. e4 0-0 5. Be2 d6 6. Be3 Nc6 7. Nf3 Ng4 8. Bf4 e5 9. dxe5 Ngxe5 10. Nxe5 Nxe5 11. 0-0 Be6 12. Rc1 Nxc4 13. Bxc4 Bxc4 14. Re1 Qf6 15. Be3 Qe6 16. Nd5 Bxd5 17. exd5 Qd7 18. Qc2 Rac8 19. Bg5 Rfe8 20. Rxe8+ Rxe8 21. h3 Rc8 22. Re1 Qb5 23. Qe4 h6 24. Bf4 Qxb2 25. Qe7 Qb4 26. Qd7 Qxe1+ 27. Kh2 Qe8 28. Qg4 h5 29. Qg5 Be5 30. Kh1 Bxf4 31. Qxf4 Qe1+ 32. Kh2 Qe5 33. Qxe5 dxe5 34. Kg3 c6 35. Kf3 cxd5 36. Ke3 Rc3+ 37. Kd2 d4 38. Ke2 e4 39. Kd2 b5 40. Ke2 b4 41. Ke1 a5 42. Kd2 a4 43. Ke2 b3 44. axb3 axb3 45. Kd2 b2 46. Ke2 b1Q 47. Kd2 Rc2# 0-1

[Event "Swiss Queens Wed #30"]
[Site "FIDE Online Arena INT"]
[Date "2024.08.21"]
[Round "4"]
[White "Zhukova, Natalia"]
[Black "Sim, En Rui Audelle"]
[Result "1-0"]
[WhiteElo "2302"]
[BlackElo "1522"]
[PlyCount "129"]
[EventDate "2024.08.21"]
[EventType "swiss (blitz)"]
[EventRounds "11"]
[EventCountry "NET"]
[SourceTitle "CBM 221 Extra"]
[Source "ChessBase"]
[SourceDate "2024.09.30"]
[SourceVersion "1"]
[SourceVersionDate "2024.09.30"]
[SourceQuality "1"]

1. Nf3 d5 2. g3 c5 3. Bg2 Nc6 4. d4 cxd4 5. Nxd4 e5 6. Nxc6 bxc6 7. c4 Nf6 8. Nc3 Bc5 9. cxd5 cxd5 10. Nxd5 Nxd5 11. Qxd5 Qxd5 12. Bxd5 Rb8 13. 0-0 Ba6 14. a3 f6 15. b4 Bd4 16. Ra2 Rc8 17. Rd1 Rc3 18. e3 Bb6 19. Bd2 Rc8 20. a4 Rd8 21. Bc6+ Kf7 22. b5 Bc8 23. a5 Bc5 24. Rc1 Be6 25. Rac2 Ba3 26. Ra1 Be7 27. Be1 Rd6 28. e4 Rhd8 29. f3 Rd1 30. Rcc1 Bc5+ 31. Kg2 Bb3 32. Rxd1 Bxd1 33. Bd5+ Kf8 34. Rxd1 Bd4 35. Rb1 Rb8 36. Bf2 Bxf2 37. Kxf2 Ke7 38. b6 axb6 39. axb6 Kd7 40. b7 Kc7 41. Rc1+ Kb6 42. Rc8 Ka7 43. Rc7 g6 44. Rxh7 f5 45. exf5 gxf5 46. Re7 e4 47. fxe4 fxe4 48. Bxe4 Kb6 49. Re6+ Ka7 50. Re5 Kb6 51. Bf3 Ka7 52. Re3 Kb6 53. Ra3 Kc7 54. Ra8 Rxa8 55. bxa8Q Kb6 56. Qc6+ Ka5 57. Qc5+ Ka6 58. Be2+ Kb7 59. g4 Kb8 60. g5 Kb7 61. g6 Kb8 62. g7 Kb7 63. Bf3+ Ka6 64. Qc6+ Ka7 65. Qb7# 1-0

[Event "Eastern Asia-ch U10 Girls 7th"]
[Site "Hainan"]
[Date "2023.08.05"]
[Round "3"]
[White "Enkhriikhen, Nyamdorj"]
[Black "Sim, En Rui Audelle"]
[Result "1-0"]
[WhiteElo "1308"]
[BlackElo "1003"]
[PlyCount "183"]
[EventDate "2023.08.04"]
[EventType "swiss"]
[EventRounds "9"]
[EventCountry "CHN"]
[SourceTitle "EXT 2024"]
[Source "ChessBase"]
[SourceDate "2023.10.10"]
[SourceVersion "1"]
[SourceVersionDate "2023.10.10"]
[SourceQuality "1"]

1. e4 d6 2. d4 Nf6 3. Bd3 Nc6 4. c3 g6 5. h3 Bg7 6. Be3 b6 7. Bb5 Bd7 8. Bd3 e5 9. d5 Ne7 10. Ne2 c6 11. c4 b5 12. dxc6 Bxc6 13. f3 b4 14. 0-0 0-0 15. Ng3 a5 16. Nd2 Qd7 17. Bc2 Rfc8 18. Qe2 Bb5 19. Bd3 Ba6 20. a3 Qa4 21. b3 Qc6 22. axb4 axb4 23. Ra4 Rcb8 24. Rd1 Nd7 25. Qf2 Nc5 26. Bxc5 Qxc5 27. Qxc5 dxc5 28. Rda1 Bb7 29. Kf2 f5 30. Rxa8 Bxa8 31. Ra7 Nc6 32. Ra2 f4 33. Ne2 Bb7 34. Nf1 Ra8 35. Rxa8+ Bxa8 36. g3 g5 37. Kg2 Bb7 38. h4 h6 39. hxg5 hxg5 40. Ng1 Nd4 41. Nd2 Kf7 42. Ne2 Nc6 43. Nf1 Bc8 44. Nh2 Kg6 45. g4 Bf6 46. Nf1 Bg7 47. Nd2 Bf6 48. Ng1 Bg7 49. Nh3 Bf6 50. Nf2 Nd4 51. Nd1 Bd7 52. Kf1 Bg7 53. Nb2 Kf7 54. Ke1 Ke8 55. Kd1 Kd8 56. Bf1 Bf6 57. Nd3 Kc7 58. Nxc5 Be7 59. Nd3 Nc6 60. Kc2 Nd4+ 61. Kb2 Nc6 62. c5 Kb7 63. Nc4 Bf6 64. Nd6+ Kc7 65. Ne1 Be7 66. Nb5+ Kb7 67. Nd3 Bf8 68. Ka2 Be7 69. Nd6+ Bxd6 70. cxd6 Kc8 71. Be2 Be6 72. Nc5 Bd7 73. Ba6+ Kd8 74. Nd3 Be8 75. Bb5 Kd7 76. Nxe5+ Kxd6 77. Bxc6 Bxc6 78. Nf7+ Ke7 79. Nxg5 Kf6 80. Nh3 Bd7 81. Nxf4 Kg5 82. Nd5 Be6 83. Kb2 Kh4 84. Nf4 Bg8 85. Nh5 Bf7 86. Kc2 Bxh5 87. gxh5 Kxh5 88. Kd3 Kg5 89. Kd4 Kf4 90. e5 Kf5 91. f4 Ke6 92. Kc5 1-0